Образование и глобализация (Запись № 1167085)
[ простой вид ]
| 000 -МАРКЕР | |
|---|---|
| контрольное поле | 01762nam1a2200325 i 4500 |
| 001 - ИДЕНТИФИКАТОР ЗАПИСИ | |
| контрольное поле | RU\NLR\bibl\1700994 |
| 005 - ИДЕНТИФИКАТОР ВЕРСИИ | |
| контрольное поле | 20260409072408.0 |
| 035 ## - ДРУГИЕ СИСТЕМНЫЕ НОМЕРА | |
| Идентификатор записи | (NLR Aleph) 001692073 |
| 100 ## - ДАННЫЕ ОБЩЕЙ ОБРАБОТКИ | |
| Данные общей обработки | 20101117d2009 k y0rusy50 ca |
| 101 0# - ЯЗЫК РЕСУРСА | |
| Язык текста, звукозаписи и т.д. | русский |
| -- | английский |
| Язык резюме | английский |
| 102 ## - СТРАНА ПУБЛИКАЦИИ ИЛИ ПРОИЗВОДСТВА | |
| Страна публикации | Российская Федерация |
| 105 ## - ПОЛЕ КОДИРОВАННЫХ ДАННЫХ: ТЕКСТОВЫЕ МАТЕРИАЛЫ, МОНОГРАФИЧЕСКИЕ | |
| Кодированные данные о монографическом текстовом документе | ||||z ||||| |
| 200 1# - ЗАГЛАВИЕ И СВЕДЕНИЯ ОБ ОТВЕТСТВЕННОСТИ | |
| Основное заглавие | Образование и глобализация |
| Параллельное заглавие | Education and globalization |
| Сведения, относящиеся к заглавию | материалы Третьей Байкальской международной научной конференции, 1-4 июля 2009 года |
| -- | [ в 2 ч. |
| Первые сведения об ответственности | редкол.: С.В. Калмыков, д.п.н., проф., чл.-кор. РАО и др.] |
| Язык параллельного заглавия | английский |
| 210 ## - ПУБЛИКАЦИЯ, РАСПРОСТРАНЕНИЕ И ДР. | |
| Место издания, распространения и т.д. | Улан-Удэ |
| Имя издателя, распространителя и т. д. | Изд-во Бурятского государственного университета |
| Дата издания, распространения и т.д. | 2009 |
| 215 ## - ФИЗИЧЕСКАЯ ХАРАКТЕРИСТИКА | |
| Размеры | 29 |
| 300 ## - ОБЩИЕ ПРИМЕЧАНИЯ | |
| Текст примечания | В надзаг.: Федер. агентство по образованию, Бурят. гос. ун-т |
| 463 #0 - УРОВЕНЬ ФИЗИЧЕСКОЙ ЕДИНИЦЫ | |
| Встроенное поле | 0011445064 |
| 463 #0 - УРОВЕНЬ ФИЗИЧЕСКОЙ ЕДИНИЦЫ | |
| Встроенное поле | 0011440357 |
| 510 1# - ПАРАЛЛЕЛЬНОЕ ЗАГЛАВИЕ | |
| Параллельное заглавие | Education and globalization |
| Язык заглавия | английский |
| 606 ## - НАИМЕНОВАНИЕ ТЕМЫ КАК ПРЕДМЕТ | |
| Наименование темы | Образование |
| Формальный подзаголовок | Съезды, совещания и т.п. |
| Идентификатор авторитетной/нормативной записи | RU\NLR\auth\661010307 |
| Системный номер авторитетной/нормативной записи | 1614809 |
| 686 ## - ИНДЕКСЫ ДРУГИХ КЛАССИФИКАЦИЙ | |
| Индекс | Ч34(0)я431 |
| 702 #1 - ИМЯ ЛИЦА - ВТОРИЧНАЯ ОТВЕТСТВЕННОСТЬ | |
| Код отношения | Редактор |
| Материалы, к которым относится поле | rus |
| Графика поля | Кириллица |
| Начальный элемент ввода | Калмыков |
| Часть имени, кроме начального элемента ввода | С. В. |
| Даты | 1950- |
| Расширение инициалов личного имени | Степан Владимирович |
| Идентификатор авторитетной/нормативной записи | RU\NLR\auth\7719295 |
| Системный номер авторитетной/нормативной записи | 2367 |
| 711 12 - НАИМЕНОВАНИЕ ОРГАНИЗАЦИИ - АЛЬТЕРНАТИВНАЯ ОТВЕТСТВЕННОСТЬ | |
| Начальный элемент ввода | "Образование и глобализация", байкальская международная научная конференция |
| Порядковый номер временной организации и / или порядковый номер ее части | 3 |
| Дата проведения временной организации | 2009 |
| Место проведения временной организации | Улан-Удэ |
| Идентификатор авторитетной/нормативной записи | RU\NLR\AUTH\8810140480 |
| Системный номер авторитетной/нормативной записи | 775962 |
| 801 #0 - ИСТОЧНИК ЗАПИСИ | |
| Страна | Российская Федерация |
| Организация | NLR |
| Дата составления | 20101117 |
| Правила каталогизации | RCR |
| 801 #1 - ИСТОЧНИК ЗАПИСИ | |
| Страна | Российская Федерация |
| Организация | NLR |
| Дата составления | 20101117 |
| 852 ## - МЕСТОНАХОЖДЕНИЕ И ШИФР ХРАНЕНИЯ | |
| Идентификатор организации | NLR |
| Шифр хранения (Call Number) | 2009-8/3226 |
| 942 ## - ДОПОЛНИТЕЛЬНЫЕ ЭЛЕМЕНТЫ ЗАПИСИ (АБИС) | |
| Тип экземпляра АБИС | Книга |
Нет доступных экземпляров.